000 00782nam0a22002411 4500
001 v19\rc\1329795
005 20250618065416.0
035 _a(NLR Aleph) 004481303
090 _a4606749
_c4606749
100 _a20060512g18811882|||y0rusy50 ca
101 0 _arus
102 _aRU
105 _ay z |||||
200 1 _aРоссказни о былом на Руси
_fСоч. Ильина
210 _aМосква
_cД.И. Преснов
_d1881 (обл. 1882)
215 _a36 с.
_d15
300 _aНа обл. авт. не указан
700 1 _aИльин
_bП. П.
_cписатель
_f-1851
_gПавел Петрович
_9201571
_3RU\NLR\AUTH\770201622
801 0 _aRU
_bNLR
_gpsbo
801 1 _aRU
_bProSoft-M
_2rusmarc
852 _aNLR
_j18.240.6.316
942 _cBOOK
980 _aNB